[Event "Toronto NAYCC U10"]
[Site "Toronto"]
[Date "2013.08.16"]
[Round "5"]
[White "Ekzhanov, Sergey"]
[Black "Yelamarti, Shanmukh"]
[Result "1-0"]
[WhiteElo "964"]
[BlackElo "393"]
[PlyCount "124"]
[EventDate "2013.08.14"]
[EventType "swiss"]
[EventRounds "9"]
[EventCountry "CAN"]
[SourceTitle "EXT 2022"]
[Source "ChessBase"]
[SourceDate "2021.10.06"]
[SourceVersion "1"]
[SourceVersionDate "2021.10.06"]
[SourceQuality "1"]

1. e4 e5 2. Nf3 Nc6 3. Nc3 Nf6 4. d4 exd4 5. Nxd4 Nxd4 6. Qxd4 Be7 7. Bg5 0-0 8. e5 c5 9. Qf4 Nh5 10. Bxe7 Qxe7 11. Nd5 Nxf4 12. Nxe7+ Kh8 13. 0-0-0 Re8 14. Nxc8 Raxc8 15. Rxd7 Rxe5 16. g3 Ne2+ 17. Bxe2 Rxe2 18. Rhd1 h6 19. Rxf7 b5 20. b3 Rce8 21. Kb2 R2e7 22. Rd7 Rxd7 23. Rxd7 Re2 24. Rxa7 Rxf2 25. Ra5 Rxh2 26. Rxb5 Rh5 27. b4 Rg5 28. Rxc5 Rxg3 29. Rc8+ Kh7 30. b5 Rf3 31. b6 Rf6 32. Rb8 h5 33. b7 h4 34. Rh8+ Kxh8 35. b8Q+ Kh7 36. c4 h3 37. Qh2 Rh6 38. c5 g5 39. c6 Rxc6 40. Qxh3+ Rh6 41. Qf5+ Rg6 42. Qf7+ Rg7 43. Qh5+ Kg8 44. a4 g4 45. a5 g3 46. Qd5+ Kh7 47. Qd4 g2 48. Qg1 Rg5 49. a6 Rg8 50. a7 Kh6 51. a8Q Rxa8 52. Qh2+ Kg6 53. Qxg2+ Kf5 54. Qxa8 Ke5 55. Kc3 Kf4 56. Qd5 Ke3 57. Qe5+ Kf3 58. Kd3 Kg4 59. Ke3 Kh3 60. Kf2 Kg4 61. Kg2 Kh4 62. Kf3 Kh3 1-0